[Event "BCF-ch Weekend Atkins"]
[Site "North Shields"]
[Date "2012.07.29"]
[Round "5.31"]
[White "Pride, Stephen C"]
[Black "Hall, Stephen J"]
[Result "1/2-1/2"]
[WhiteElo "1807"]
[BlackElo "1922"]
[PlyCount "32"]
[EventDate "2012.07.27"]
[EventType "swiss"]
[EventRounds "5"]
[EventCountry "ENG"]
[SourceTitle "EXT 2023"]
[Source "ChessBase"]
[SourceDate "2022.10.05"]
[SourceVersion "1"]
[SourceVersionDate "2022.10.05"]
[SourceQuality "1"]

1. d4 e6 2. Nf3 Nf6 3. Bg5 d5 4. e3 Be7 5. Nbd2 0-0 6. Bd3 b6 7. Ne5 h6 8. Bh4 Bb7 9. f4 c5 10. c3 Nbd7 11. Qf3 Rc8 12. g4 Nxe5 13. fxe5 Ne4 14. Bxe7 Nxd2 15. Kxd2 Qxe7 16. Qe2 f6 1/2-1/2